zpět

Detail výsledku týmu

Bartolomějka, Kolín

Datum a čas kvízu

28 Celkem bodů Celkový počet nahraných bodů na tomto kvízu bez doplňovacích otázek.
8. Pořadí na kvízu Konečné umístění týmu na tomto kvízu.

Zaznamenané odpovědi

# Otázka Odpověď Body Výsledky
1. V médiích se minulý týden hojn... 1
2. Italské letovisko, které je ob... 1
3. Rakouská společnost Koch Media... 0
4. Společnost Coca-Cola přichází... 0
5. Obhájkyně Fed Cupu, české teni... 1
6. Dlouhé názvy filmů byly v módě... 0
5. V roce 1974 natočil režisér Cl... 0
5. V roce 1981 natočil režisér Mi... 1
5. Francouzsko - španělská komedi... 1
5. Rodinná komedie, kde se objevi... 1